| 000 | 00456nam a2200181Ia 4500 | ||
|---|---|---|---|
| 001 | 20991 | ||
| 005 | 20260306172846.0 | ||
| 008 | 260306t2021||||xx |||||||||||||| ||spa|| | ||
| 041 | _aESP | ||
| 082 |
_a343.83 _bE333 |
||
| 100 |
_aEffio Pereda, Fernando _eAUT |
||
| 245 | 0 |
_aRegímenes aduaneros: _btratamiento contable-tributario |
|
| 260 | _c2021 | ||
| 300 |
_a510 páginas : _c25 cm. |
||
| 650 | _aGEN | ||
| 654 | _aCCO | ||
| 942 |
_cLIB _dJUS _fJUS _2ddc _n |
||
| 999 |
_c20991 _d20991 |
||